Países em Hexágonos Aleatórios do Mapa do Mundo - Statistics

Estatísticas Gerais
  • Esse quiz foi jogado 24 484 vezes
  • A pontuação média é 15 de 20
Respostas no mapa
Respostas codificadas por cores de uma escala verde-vermelha no mapa do quiz de acordo com a % correta abaixo.
 
Estatísticas das Respostas
Countries % Correto
Brasil | Colômbia | Guiana | Peru | Suriname | Trinidad e Tobago | Venezuela
97%
Canadá | Estados Unidos
97%
Canadá | Estados Unidos
97%
Canadá | Estados Unidos
97%
Bolívia | Brasil | Colômbia | Peru
96%
Brasil | França | Suriname
96%
Canadá | Estados Unidos
96%
México | Estados Unidos
96%
México | Estados Unidos
96%
Argentina | Bolívia | Brasil | Chile | Paraguai | Peru
95%
Argentina | Brasil | Paraguai | Uruguai
95%
Canadá | Estados Unidos
95%
Canadá | Estados Unidos
95%
Guatemala | México
95%
Bahamas | Belize | Cuba | Guatemala | Jamaica | México | Estados Unidos
94%
Belize | Colômbia | Costa Rica | El Salvador | Guatemala | Honduras | México | Nicarágua | Panamá | Venezuela
94%
Canadá
94%
Canadá | Estados Unidos
94%
México | Estados Unidos
94%
Argentina | Chile | Uruguai
93%
Bolívia | Brasil
93%
Canadá
93%
Canadá
93%
Estados Unidos
93%
Antígua e Barbuda | Bahamas | Barbados | Colômbia | Cuba | Dominica | República Dominicana | França | Granada | Haiti | Jamaica | Países Baixos | São Cristóvão e Nevis | Santa Lúcia | São Vicente e Granadinas | Trinidad e Tobago | Estados Unidos | Venezuela
92%
Áustria | Bielorrússia | Bósnia e Herzegovina | Croácia | República Checa | Alemanha | Hungria | Itália | Letónia | Lituânia | Moldávia | Polônia | Romênia | Rússia | Sérvia | Eslováquia | Eslovénia | Suécia | Ucrânia
92%
Estônia | Finlândia | Letónia | Noruega | Rússia | Suécia
92%
Brasil
91%
Canadá | Dinamarca
91%
Canadá
90%
Canadá
90%
Andorra | Áustria | Bélgica | França | Alemanha | Itália | Liechtenstein | Luxemburgo | Mônaco | San Marino | Espanha | Suíça | Reino Unido | Vaticano
89%
Canadá
89%
China | Japão | Coreia do Norte | Rússia | Coreia do Sul
89%
China | Japão | Rússia
89%
Argentina | Chile | Reino Unido
88%
Bielorrússia | Estônia | Finlândia | Letónia | Rússia | Ucrânia
88%
Cazaquistão | Rússia
88%
China | Mongólia | Rússia
88%
Finlândia | Noruega | Rússia
88%
Rússia
88%
Canadá
87%
Canadá
87%
China | Cazaquistão | Mongólia | Rússia
87%
China | Mongólia | Rússia
87%
Mongólia | Rússia
87%
Rússia
87%
Rússia
87%
Afeganistão | Armênia | Azerbaijão | Geórgia | Irão | Iraque | Cazaquistão | Rússia | Turquia | Turquemenistão | Uzbequistão
86%
Brasil | França | Suriname
86%
Cazaquistão | Rússia | Uzbequistão
86%
Colômbia | Equador | Peru
86%
Rússia
86%
Armênia | Azerbaijão | Bulgária | Geórgia | Irão | Moldávia | Romênia | Rússia | Turquia | Ucrânia
85%
Rússia
85%
Rússia
85%
Rússia
85%
Albânia | Bósnia e Herzegovina | Bulgária | Croácia | Egito | Grécia | Itália | Kosovo | Líbia | Malta | Montenegro | Macedónia do Norte | Romênia | Sérvia | Tunísia | Turquia
84%
Bélgica | Dinamarca | Alemanha | Países Baixos | Noruega | Suécia | Reino Unido
84%
Rússia
84%
Rússia
84%
Rússia
84%
Argélia | Chade | Egito | Líbia | Níger | Sudão
83%
Argélia | Mali | Mauritânia | Marrocos | Espanha
83%
Botswana | Lesoto | Namíbia | África do Sul
83%
Rússia
83%
Rússia
83%
Dinamarca | Islândia
82%
Marrocos | Portugal | Espanha
82%
Rússia
82%
Rússia
82%
Austrália | Timor-Leste | Indonésia
80%
Dinamarca
80%
Estados Unidos
80%
Índia | Paquistão
80%
Bangladesh | Butão | China | Índia | Birmânia | Nepal
79%
Brasil
79%
Chipre | Egito | Irão | Iraque | Israel | Jordânia | Kuweit | Líbano | Arábia Saudita | Síria | Turquia
79%
Argélia | Líbia | Marrocos | Espanha | Tunísia
78%
Austrália
78%
Botswana | Essuatíni | Madagáscar | Malawi | Moçambique | África do Sul | Zimbábue
78%
Afeganistão | China | Índia | Irão | Nepal | Paquistão | Tajiquistão | Turquemenistão | Uzbequistão
76%
Austrália
76%
Austrália | Indonésia | Papua Nova Guiné
76%
Djibouti | Egito | Eritreia | Etiópia | Arábia Saudita | Somália | Sudão do Sul | Sudão | Iémen
76%
Austrália
75%
Estados Unidos
75%
Dinamarca
74%
Austrália
73%
Camboja | China | Laos | Birmânia | Tailândia | Vietname
73%
Angola | Botswana | República Democrática do Congo | Moçambique | Namíbia | Zâmbia | Zimbábue
72%
Burkina Faso | Cabo Verde | Gâmbia | Guiné | Guiné-Bissau | Costa do Marfim | Libéria | Mali | Mauritânia | Senegal | Serra Leoa
72%
China | Mongólia
72%
Dinamarca
72%
Angola | Burundi | Camarões | República Centro-Africana | República Democrática do Congo | Gabão | República do Congo | Ruanda | Tanzânia | Uganda
71%
Camarões | República Centro-Africana | Chade | República Democrática do Congo | Níger | Nigéria | Sudão do Sul | Sudão
71%
Argélia | Benim | Burkina Faso | Gana | Mali | Mauritânia | Níger | Nigéria | Togo
70%
Japão
70%
República Democrática do Congo | Etiópia | Quênia | Somália | Sudão do Sul | Sudão | Tanzânia | Uganda
70%
Austrália
69%
Benim | Burkina Faso | Camarões | Guiné Equatorial | Gabão | Gana | Costa do Marfim | Libéria | Nigéria | São Tomé e Príncipe | Togo
69%
China | Birmânia
69%
China | Filipinas | Taiwan
69%
Dinamarca
69%
Etiópia | Omã | Somália | Iémen
69%
França | Madagáscar | Maurícia
69%
Irlanda | Reino Unido
69%
Comores | República Democrática do Congo | França | Quênia | Malawi | Moçambique | Tanzânia | Zâmbia
67%
Afeganistão | Bahrein | Irão | Kuweit | Omã | Paquistão | Catar | Arábia Saudita | Emirados Árabes Unidos | Iémen
66%
Afeganistão | China | Cazaquistão | Quirguistão | Tajiquistão | Turquemenistão | Uzbequistão
66%
Brunei | Camboja | Indonésia | Malásia | Singapura | Tailândia | Vietname
66%
Peru
66%
Chile
65%
Austrália | Nova Zelândia
64%
Índia | Indonésia | Birmânia | Sri Lanka | Tailândia
61%
Austrália
60%
Índia | Maldivas | Sri Lanka
60%
Nova Zelândia
58%
Indonésia
57%
Malásia | Palau | Filipinas
57%
Austrália
56%
Cabo Verde
53%
Timor-Leste | Indonésia
52%
Estados Federados da Micronésia | Indonésia | Palau
48%
Nova Zelândia
48%
Fiji | Kiribati | Ilhas Salomão | Tuvalu | Vanuatu
46%
Fiji | França | Tonga | Vanuatu
43%
Estados Federados da Micronésia | Nauru | Papua Nova Guiné | Ilhas Salomão
39%
Kiribati
37%
Kiribati
35%
Kiribati | Ilhas Marshall
34%
Portugal
34%
Estados Federados da Micronésia | Ilhas Marshall
33%
Seychelles
33%
Angola
32%
França | Ilhas Salomão | Vanuatu
31%
Ilhas Marshall
15%
Nenhum quiz correspondente encontrado
Distribuição das Pontuações
Porcentagem de Pessoas com Cada Pontuação
Percentil de Números Respondidos
Sua Pontuação Histórica
Você não jogou esse quiz